| 000 | 00791nam a22002537a 4500 | ||
|---|---|---|---|
| 005 | 20170123162341.0 | ||
| 010 | _aA-243801 | ||
| 020 | _c50.00 | ||
| 035 | _aA-243801 | ||
| 037 | _bCen Lib/Ret | ||
| 040 |
_aDPL _bUR |
||
| 082 |
_a920 _bا ن ش |
||
| 100 |
_aآباد پشاوری _9127613 |
||
| 245 |
_aمتالقات انشا / _cآباد پشاوری |
||
| 246 |
_aMatleqaat insha / _bby Abid Peshawari |
||
| 260 |
_aلکھنوو _bنصرت پبلشرس _c1985 |
||
| 270 |
_bلکھنوو _aامین آباد |
||
| 300 |
_a380p. _c21cm(Hb) |
||
| 650 |
_aادب -- اردو _9127614 |
||
| 650 |
_aاردو سوانے عمری _9127615 |
||
| 650 |
_aUrdu literature _9127616 |
||
| 650 |
_aUrdu -- biography _9511 |
||
| 942 |
_2ddc _cUR _h920 _mا ن ش |
||
| 999 |
_c108564 _d108564 |
||